Elementary mechanics of solids (Record no. 4447)

000 -LEADER
fixed length control field 00558nam a2200217 a 4500
001 - CONTROL NUMBER
control field 4447
003 - CONTROL NUMBER IDENTIFIER
control field BD-DhUET
008 - FIXED-LENGTH DATA ELEMENTS--GENERAL INFORMATION
fixed length control field 810420t19811980nyua b 001 0 eng
020 ## - INTERNATIONAL STANDARD BOOK NUMBER
International Standard Book Number 085226819X
040 ## - CATALOGING SOURCE
Original cataloging agency DLC
Transcribing agency DLC
Modifying agency BD-DhUET
082 ## - DEWEY DECIMAL CLASSIFICATION NUMBER
Classification number 531
Item number SIN/1980
100 ## - MAIN ENTRY--PERSONAL NAME
Personal name Singh, Pashupati Nath
245 10 - TITLE STATEMENT
Title Elementary mechanics of solids
250 ## - EDITION STATEMENT
Edition statement 1st ed.
260 ## - PUBLICATION, DISTRIBUTION, ETC. (IMPRINT)
Place of publication, distribution, etc. New Delhi
Name of publisher, distributor, etc. Wiley Eastern
Date of publication, distribution, etc. 1980
300 ## - PHYSICAL DESCRIPTION
Extent xvi, 616p.
Other physical details ill.
504 ## - BIBLIOGRAPHY, ETC. NOTE
Bibliography, etc Includes bibliographies
650 #0 - SUBJECT ADDED ENTRY--TOPICAL TERM
Topical term or geographic name as entry element Mechanics of solids
700 ## - ADDED ENTRY--PERSONAL NAME
Personal name Jha, Prem Kumar
942 ## - ADDED ENTRY ELEMENTS (KOHA)
Koha item type General Book
Holdings
Shelving location Piece designation (barcode) Koha item type Not for loan Lost status Sublocation or collection (holding branch) Location (home branch) Damaged status Koha date last seen Koha full call number Date acquired Source of classification or shelving scheme Withdrawn status Price effective from Copy number Koha normalized classification for sorting
Circulation section59249General Book  Central Library, BUETCentral Library, BUET 2014-11-16531/SIN/19802014-11-16  2014-11-161531_000000000000000_SIN_1980
Circulation section59250General Book  Central Library, BUETCentral Library, BUET 2015-03-10531/SIN/19802015-03-10  2015-03-102531_000000000000000_SIN_1980
Circulation section59252General Book  Central Library, BUETCentral Library, BUET 2015-03-10531/SIN/19802015-03-10  2015-03-103531_000000000000000_SIN_1980
Circulation section59245General Book  Central Library, BUETCentral Library, BUET 2015-03-10531/SIN/19802015-03-10  2015-03-104531_000000000000000_SIN_1980
Circulation section59246General Book  Central Library, BUETCentral Library, BUET 2015-03-10531/SIN/19802015-03-10  2015-03-105531_000000000000000_SIN_1980
  General Book  Central Library, BUETCentral Library, BUET 2015-03-11531/SIN/19802015-03-11  2015-03-116531_000000000000000_SIN_1980
Circulation section59248General Book  Central Library, BUETCentral Library, BUET 2015-03-11531/SIN/19802015-03-11  2015-03-117531_000000000000000_SIN_1980
Circulation section57348General Book  Central Library, BUETCentral Library, BUET 2015-03-11531/SIN/19802015-03-11  2015-03-118531_000000000000000_SIN_1980
Circulation section55367General Book  Central Library, BUETCentral Library, BUET 2016-03-27531/SIN/19802015-03-22  2015-03-229531_000000000000000_SIN_1980
Reading section59244Reading Item  Central Library, BUETCentral Library, BUET 2015-06-08531/SIN/19802015-06-08  2015-06-0810531_000000000000000_SIN_1980
Reading section59243Reading Item  Central Library, BUETCentral Library, BUET 2015-06-08531/SIN/19802015-06-08  2015-06-0811531_000000000000000_SIN_1980